Swans Discography - Statistics

General Stats
  • This quiz has been taken 23 times
  • The average score is 23 of 34
Answer Stats
Year of Release Answer % Correct
1983 Filth
94%
1982 Swans
94%
2025 Birthing
89%
1987 Children of God
89%
1984 Cop
89%
1996 Soundtracks for the Blind
89%
1989 The Burning World
89%
2016 The Glowing Man
89%
1986 Greed
83%
1986 Holy Money
83%
1992 Love of Life
83%
1992 Love of Life / Amnesia
83%
1986 Public Castration is a Good Idea
83%
1998 Swans Are Dead
83%
2023 The Beggar
83%
1995 The Great Annihilator
83%
2012 The Seer
83%
2014 To Be Kind
83%
1991 White Light from the Mouth of Infinity
83%
2019 leaving meaning.
78%
1984 Young God
78%
2010 My Father Will Guide Me Up a Rope to the Sky
72%
1996 Die Tür ist zu
67%
2024 Live Rope
56%
1988 Feel Good Now
50%
2012 We Rose From Your Bed With the Sun in Our Head
50%
2017 Deliquescence
44%
2014 Oxygen
39%
2013 Not Here / Not Now
33%
1992 Omniscience
33%
2015 The Gate
28%
1990 Anonymous Bodies in an Empty Room
22%
2023 Swans Thank You!
17%
1992 Real Love
11%
No matching quizzes found
Score Distribution
Percent of People with Each Score
Percentile by Number Answered
Your Score History
You have not taken this quiz